000 00352 a2200133 4500
000 nam a22 7a 4500
100 _aChirag Shah
110 _aChirag Shah
245 _aHANDS ON INTRODUCTION TO DATA SCIENCE
250 _alatest edition
260 _bCambridge University Press
_c2025
264 _bCambridge University Press
_c2025
942 _cBK
999 _c397163
_d397163